000 00891nam a22002055i 4500
001 164096
003 ES-MaACL
005 20250815113046.0
008 050726s1888 sp a | |||||||| ||spa d
040 _aCAM
_bspa
_cCAM
100 1 _aRubio y Diaz, Vicente.
_9222492
245 1 0 _aNociones de química mineral y orgánica /
_cpor Vicente Rubio y Diaz.
260 _aCadiz :
_b[s.n.],
_c1888 (
_fImprenta y litografía de la Revista Médica)
300 _aVIII, 413 p., XVI h. de lám. :
_bil. ;
_c19 cm.
599 _aLas XVI h. de lám. corresponden a "Caracteres principales por medio de los que se pueden reconocer el género y la especie de una sal"
650 7 _aQuímica orgánica
_2embne
_9136799
752 _aEspaña -
_dCádiz
852 _aES-MaACL
_jF-5884
_z-- Enc. pasta española
_z-- Dedic. ms. del autor a la Biblioteca del Ateneo de Madrid
999 _c164096
_d164096